Analytic computational complexity /
Guardado en:
| Autores Corporativos: | , |
|---|---|
| Otros Autores: | |
| Formato: | Libro |
| Idioma: | English |
| Publicado: |
New York :
Academic Press,
1976.
|
| Materias: | |
| Etiquetas: |
Agregar Etiqueta
Sin Etiquetas, Sea el primero en etiquetar este registro!
|
| LEADER | 01359cam a22003135a 4500 | ||
|---|---|---|---|
| 001 | EIQ.libpla000325 | ||
| 008 | 760220s1976####nyu######b####100#0#eng#d | ||
| 005 | 20060316134809.0 | ||
| 245 | 0 | 0 | |a Analytic computational complexity / |c edited by J. F. Traub. |
| 260 | |a New York : |b Academic Press, |c 1976. | ||
| 300 | |a ix, 239 p. ; |c 24 cm. | ||
| 500 | |a "Proceedings of the Symposium on Analytic Computational Complexity, held by the Computer Science Department, Carnegie-Mellon University, Pittsburgh, Pennsylvania, on April 7-8, 1975." | ||
| 504 | |a Incluye referencias bibliográficas. | ||
| 020 | |a 0126975604 | ||
| 700 | 1 | |a Traub, J. F. |q (Joseph Frederick), |e ed. |4 edt |d 1932- | |
| 710 | 2 | |a Carnegie-Mellon University. |b Computer Science Dept. | |
| 711 | 2 | |a Symposium on Analytic Computational Complexity |d (1975 : |c Carnegie-Mellon University) | |
| 082 | 0 | 0 | |a 519.4 |
| 650 | 4 | |a Análisis numérico |x Congresos. | |
| 650 | 4 | |a Análisis numérico |x Procesamiento de datos. | |
| 650 | 4 | |a Matemática |x Congresos. | |
| 650 | 4 | |a Complejidad computacional |x Congresos. | |
| 650 | 4 | |a Matematics |x Congresos. | |
| 650 | 0 | |a Numerical analysis |x Congresses. | |
| 650 | 0 | |a Numerical analysis |x Data processing. | |
| 650 | 0 | |a Computational complexity |x Congresses. | |
| 010 | |a 75013086 | ||
| 040 | |a DLC |c DLC |d AR-BbSID | ||
| 859 | |a AR-BbSID |b BIB. PLAPIQUI |h 519.4 |i T 67 |p 1986 | ||
